| 000 | 00000nam##2200000za#4500 |
| 001 | 9.581275 |
| 003 | CaOODSP |
| 005 | 20210624191435 |
| 007 | cr ||||||||||| |
| 008 | 150406|2015||||xxc|||||o f|0| 0 eng|d |
| 020 | |a978-1-100-25339-8 |
| 022 | |a1488-5387 |
| 040 | |aCaOODSP|beng |
| 043 | |an-cn--- |
| 086 | 1 |aFs97-4/3054E-PDF |
| 110 | 1 |aCanada. |bDepartment of Fisheries and Oceans. |
| 245 | 10|aResults of the Burlington 2013 Asian carp early detection field monitoring program / |h[electronic resource]|cby Dave Marson, Erin Gertzen, and Becky Cudmore. |
| 260 | |aNanaimo - British Columbia : |bFisheries and Oceans Canada |cc2014. |
| 300 | |a36p.|bfigs., graphs, maps, references, tables |
| 490 | 1 |aCanadian manuscript report of fisheries and aquatic sciences|x1488-5387|v3054 |
| 546 | |a(Résumé en français) |
| 590 | |a15-03|b2015-01-16 |
| 830 | #0|aCanadian manuscript report of fisheries and aquatic sciences,|x1488-5387|v3054|w(CaOODSP)9.505211 |
| 856 | 40|ahttp://publications.gc.ca|qPDF|s4.66 MB|uhttps://publications.gc.ca/collections/collection_2015/mpo-dfo/Fs97-4-3054-eng.pdf|y3054 |